AH International Schools' Libraries

Weather / (Record no. 8358)

MARC details
000 -LEADER
fixed length control field 01232cam a2200325 a 4500
001 - CONTROL NUMBER
control field 3908311
005 - DATE AND TIME OF LATEST TRANSACTION
control field 20210310094418.0
008 - FIXED-LENGTH DATA ELEMENTS--GENERAL INFORMATION
fixed length control field 910828s1992 nyuab j 001 0 eng
010 ## - LIBRARY OF CONGRESS CONTROL NUMBER
LC control number 91058210
020 ## - INTERNATIONAL STANDARD BOOK NUMBER
International Standard Book Number 978-0613090360
040 ## - CATALOGING SOURCE
Original cataloging agency DLC
Transcribing agency DLC
Modifying agency DLC
042 ## - AUTHENTICATION CODE
Authentication code lcac
050 00 - LIBRARY OF CONGRESS CALL NUMBER
Classification number QC981.3
Item number .F37 1992
082 00 - DEWEY DECIMAL CLASSIFICATION NUMBER
Classification number 551.5
Edition number 20
100 1# - MAIN ENTRY--PERSONAL NAME
Personal name Farndon, John.
9 (RLIN) 31352
245 10 - TITLE STATEMENT
Title Weather /
Statement of responsibility, etc written by John Farndon.
250 ## - EDITION STATEMENT
Edition statement 1st American ed.
260 ## - PUBLICATION, DISTRIBUTION, ETC. (IMPRINT)
Place of publication, distribution, etc New York :
Name of publisher, distributor, etc Dorling Kindersley,
Date of publication, distribution, etc 1992.
300 ## - PHYSICAL DESCRIPTION
Extent 61 p. :
Other physical details col. ill., col. maps ;
Dimensions 21 cm.
490 ## - SERIES STATEMENT
Series statement DK eyewitness explorers
500 ## - GENERAL NOTE
General note "1"--Spine.
500 ## - GENERAL NOTE
General note Includes index.
520 ## - SUMMARY, ETC.
Summary, etc Discusses such elements of weather as clouds, wet air, frost, ice, wind, and air pressure. Includes some projects.
650 #0 - SUBJECT ADDED ENTRY--TOPICAL TERM
Topical term or geographic name as entry element Weather
General subdivision Juvenile literature.
9 (RLIN) 31354
650 #0 - SUBJECT ADDED ENTRY--TOPICAL TERM
Topical term or geographic name as entry element Weather forecasting
General subdivision Juvenile literature.
9 (RLIN) 31355
650 #1 - SUBJECT ADDED ENTRY--TOPICAL TERM
Topical term or geographic name as entry element Weather.
9 (RLIN) 31356
906 ## - LOCAL DATA ELEMENT F, LDF (RLIN)
a 7
b cbc
c orignew
d 1
e ocip
f 19
g y-gencatlg
942 ## - ADDED ENTRY ELEMENTS (KOHA)
Source of classification or shelving scheme
Koha item type Book
Holdings
Withdrawn status Lost status Source of classification or shelving scheme Damaged status Not for loan Home library Current library Date acquired Total Checkouts Total Renewals Full call number Barcode Date last seen Date checked out Price effective from Koha item type
          Logos International School Logos International School 08/03/2011 6 1 J 551.5 FAR 17658 02/24/2025 02/04/2025 08/03/2011 Book

For any Logos Library related questions please contact Miss Art at swongnarasuk@asianhope.org.

For any Asian Hope Library related questions please contact Miss Raza at graza@asianhope.org.

Powered by Koha